| 000 | 00629cam a22002057a 4500 | ||
|---|---|---|---|
| 001 | 000424 | ||
| 003 | armpunfd | ||
| 005 | 20140612090610.0 | ||
| 008 | 011019e1988####xx#a##########000#0#und#d | ||
| 040 |
_aarmpunfd _carmpunfd |
||
| 080 | _a35.077(821.2) B 658 | ||
| 100 | 1 | 0 | _a Botassi, Carlos A. |
| 245 | 1 | 0 | _aProcediento administrativo de la provincia de buenos aires |
| 260 |
_a La Plata _b Libreria Editora Platense _c1988 |
||
| 300 | _a534 p. | ||
| 650 | 7 |
_a Derecho Administrativo _2LEMB |
|
| 650 | 7 |
_a Procedimiento Administrativo _x Buenos Aires( Prov.) _2LEMB |
|
| 942 |
_cLB _2cdu |
||
| 945 |
_aCatalis _d2010-08-19 |
||
| 999 |
_c422 _d230926 |
||